000 00500nam a2200193Ia 4500
005 20240823052526.0
008 240823s9999||||xx |||||||||||||| ||und||
020 _a978-81-8209-301-0
041 _aENGLISH
082 _A519.2 Q2
100 _aPugalarasu R
245 0 _aPraobability and Queuing Theory
250 _a1st
260 _c2012
_bVijay Nicole Imprints Private Li
500 _aTRANSFERED
650 _aProbability and Queuing Theory
_bMathematics
942 _cBK
999 _c222073
_d222073